Pinturas cingalesas en templos y santuarios

محفوظ في:
التفاصيل البيبلوغرافية
المؤلف الرئيسي: Dhanapala, D. B (مؤلف)
التنسيق: كتاب
اللغة:الإسبانية
منشور في: Ciudad de México Hermes 1964
سلاسل:Colección Unesco-Hermes Bolsilibros de Arte
الموضوعات:
الوسوم: إضافة وسم
لا توجد وسوم, كن أول من يضع وسما على هذه التسجيلة!

MARC

LEADER 00000nam a2200000 a 4500
001 UCO1843
003 CL-VaPUC
008 000519e19640000MX |||||||||||||||||spa|d
082 0 4 |a 759.95493  |b DHA  |2 21 
100 0 |a Dhanapala, D. B  |e author  |9 444381 
245 1 0 |a Pinturas cingalesas en templos y santuarios 
300 |a 24 p 
942 |c BK 
945 |d 20000519 00:00:00  |a rbrito 
260 |a Ciudad de México  |b Hermes  |c 1964 
650 7 |a PINTURA CINGALESA  |2 CL-VaPUC  |9 444382 
650 7 |a PINTURA INDU  |2 CL-VaPUC  |9 438820 
650 7 |a TEMPLOS  |2 CL-VaPUC  |9 266644 
650 7 |a SANTUARIOS  |2 CL-VaPUC  |9 267802 
651 0 |a India  |9 267804 
583 |a last modification  |c 20000519 00:00:00  |k Rodrigo Vera 
490 0 |a Colección Unesco-Hermes Bolsilibros de Arte 
999 |c 288435  |d 288433 
952 |0 0  |1 0  |4 0  |6 759_954930000000000_DHA_1964  |7 0  |8 P  |9 336106  |a BIBARQ  |b BIBARQ  |d 2019-11-20  |i 362059K  |o 759.95493 DHA 1964  |p 362059K  |r 2025-01-20  |w 2019-11-20  |y BK  |k ARQ